[Event "V4 OPEN - International Championship of Slovakia 2
[Site "Banska Stiavnica"]
[Date "2013.07.06"]
[Round "1"]
[Board "46"]
[White "Hlavac, Peter"]
[Black "Lecky, Juraj"]
[Result "1/2-1/2"]
[WhiteElo "1999"]
[BlackElo "1826"]
[PlyCount "106"]
[EventDate "2013.07.06"]
[EventRounds "9"]
[EventCountry "SVK"]

1. d4 Nf6 2. c4 c5 3. d5 e6 4. Nc3 exd5 5. cxd5 d6 6. e4 g6 7. Bb5+ Nfd7 8. a4
a6 9. Be2 Bg7 10. Nf3 O-O 11. O-O Re8 12. Bg5 Qb6 13. Qc2 Qb4 14. Nd2 Ne5 15.
h3 c4 16. Be3 Nd3 17. Nxc4 Nxb2 18. Na2 Qxa4 19. Qxa4 Nxa4 20. Nxd6 Rd8 21.
Rac1 Nd7 22. f4 Bf8 23. Nxc8 Raxc8 24. e5 h5 25. d6 Bh6 26. g4 Re8 27. g5 Bf8
28. Kf2 Nac5 29. Rfd1 Ne4+ 30. Kf3 Nec5 31. Nb4 Nb3 32. Rb1 Nbc5 33. Nd5 Rc6
34. Rdc1 Rb8 35. Nb4 Rcc8 36. Bc4 Ne6 37. Nd5 Nxg5+ 38. Kg2 Ne6 39. Ba7 Ra8 40.
Rxb7 Ndc5 41. Nf6+ Kg7 42. Bxe6 Nxe6 43. Rxc8 Rxc8 44. d7 Rc3 45. Nd5 Rd3 46.
Nc7 Nd8 47. Ne8+ Kh6 48. Rc7 Ne6 49. Rb7 Nd8 50. Rb6 Rxd7 51. Rxa6 Rd2+ 52. Kf3
Rd3+ 53. Kg2 Rd2+ 1/2-1/2

[Event "V4 OPEN - International Championship of Slovakia 2
[Site "Banska Stiavnica"]
[Date "2013.07.06"]
[Round "1"]
[Board "47"]
[White "Motuzova, Marta"]
[Black "Sturc, Jan"]
[Result "1/2-1/2"]
[WhiteElo "1825"]
[BlackElo "1999"]
[PlyCount "43"]
[EventDate "2013.07.06"]
[EventRounds "9"]
[EventCountry "SVK"]

1. d4 Nf6 2. c4 e5 3. dxe5 Ng4 4. Nf3 Nc6 5. e3 Bb4+ 6. Bd2 Qe7 7. Be2 Ngxe5 8.
Nxe5 Qxe5 9. Bc3 O-O 10. O-O Qe7 11. a3 Bd6 12. Qd5 b6 13. Qh5 f5 14. Nd2 Be5
15. Rac1 Bb7 16. Bf3 Rf6 17. Bd5+ Kh8 18. Bxe5 Qxe5 19. Nf3 Qe8 20. Qh3 Nd8 21.
Ng5 Qg6 22. Bxb7 1/2-1/2

[Event "V4 OPEN - International Championship of Slovakia 2
[Site "Banska Stiavnica"]
[Date "2013.07.06"]
[Round "1"]
[Board "48"]
[White "Mandak, Miroslav"]
[Black "Horak, Miroslav"]
[Result "0-1"]
[WhiteElo "1996"]
[BlackElo "1823"]
[PlyCount "108"]
[EventDate "2013.07.06"]
[EventRounds "9"]
[EventCountry "SVK"]

1. d4 Nf6 2. Nf3 g6 3. Nbd2 d5 4. e3 Bg7 5. Bd3 O-O 6. O-O Bg4 7. c4 dxc4 8.
Bxc4 Nc6 9. Qc2 Nd5 10. a3 e5 11. dxe5 Re8 12. Bb5 Bd7 13. e4 Nb6 14. Be2 Nxe5
15. Nxe5 Bxe5 16. Nf3 Bg7 17. Rb1 Bc6 18. Nd2 Qd4 19. Bf3 Rad8 20. b3 Bb5 21.
Nc4 Nxc4 22. bxc4 Bc6 23. Rd1 Qe5 24. Rxd8 Rxd8 25. g3 Qc3 26. Qe2 Qd3 27. Qxd3
Rxd3 28. Be2 Rd4 29. f3 b6 30. Kf2 Bb7 31. Be3 Rd7 32. c5 Bd4 33. cxb6 Bxe3+
34. Kxe3 axb6 35. Rc1 c6 36. Rb1 b5 37. Rc1 Kf8 38. f4 Re7 39. Bf3 Ke8 40. h4
Kd7 41. g4 Kc7 42. g5 Kb6 43. h5 Bc8 44. Be2 Ra7 45. Rc3 Be6 46. Kd4 Rd7+ 47.
Ke3 c5 48. Bd3 c4 49. Bc2 Bg4 50. hxg6 hxg6 51. f5 Kc5 52. fxg6 fxg6 53. e5 b4
54. axb4+ Kxb4 0-1

[Event "V4 OPEN - International Championship of Slovakia 2
[Site "Banska Stiavnica"]
[Date "2013.07.06"]
[Round "1"]
[Board "49"]
[White "Nasuta, Andrzej"]
[Black "Kavon, Rastislav"]
[Result "0-1"]
[WhiteElo "1818"]
[BlackElo "1994"]
[PlyCount "76"]
[EventDate "2013.07.06"]
[EventRounds "9"]
[EventCountry "SVK"]

1. e4 e5 2. Nf3 Nc6 3. Bc4 Bc5 4. O-O d6 5. h3 Nf6 6. d3 h6 7. Nc3 O-O 8. Be3
Bb6 9. Nd5 Nxd5 10. Bxd5 Ne7 11. Bb3 Ng6 12. Kh2 Bd7 13. g3 Qe7 14. Nd2 Kh7 15.
Bxb6 axb6 16. a3 Rae8 17. c3 Kh8 18. Qh5 Kh7 19. Bc2 f5 20. Qe2 f4 21. g4 Qh4
22. Nf3 Bxg4 23. Nxh4 Bxe2 24. Nxg6 Kxg6 25. Rg1+ Kf6 26. d4 Bf3 27. d5 g5 28.
Rae1 h5 29. Bd1 Bxd1 30. Rxd1 Rg8 31. f3 g4 32. hxg4 hxg4 33. fxg4 Rg5 34. Kg2
Rxg4+ 35. Kf2 Rxg1 36. Rxg1 Rh8 37. Rg2 Kf7 38. Kg1 Rg8 0-1

[Event "V4 OPEN - International Championship of Slovakia 2
[Site "Banska Stiavnica"]
[Date "2013.07.06"]
[Round "1"]
[Board "51"]
[White "Gonda, Jozef"]
[Black "Hros, Roman"]
[Result "0-1"]
[WhiteElo "1808"]
[BlackElo "1982"]
[PlyCount "120"]
[EventDate "2013.07.06"]
[EventRounds "9"]
[EventCountry "SVK"]

1. d4 Nf6 2. Nf3 g6 3. Bf4 d6 4. g3 Bg7 5. c3 O-O 6. Bg2 c6 7. O-O Re8 8. Re1
Nbd7 9. Qc1 e5 10. dxe5 dxe5 11. Bh6 Bxh6 12. Qxh6 Qb6 13. Qc1 e4 14. Nd4 Ne5
15. h3 Kg7 16. a4 c5 17. a5 Qc7 18. Nc2 a6 19. Ne3 Be6 20. c4 Rad8 21. b3 Nc6
22. Qb2 Qe5 23. Nc3 h5 24. Red1 Rxd1+ 25. Nexd1 Rd8 26. Ne3 Rd4 27. Qb1 Rd2 28.
Qc1 Rd8 29. Qe1 Nd4 30. Rb1 Rd6 31. Na4 Nd7 32. Nc3 f5 33. Ned5 Bxd5 34. Nxd5
Nf6 35. Nxf6 Kxf6 36. Kf1 g5 37. Qc1 f4 38. gxf4 gxf4 39. Qb2 Nc6 40. Qxe5+
Kxe5 41. Ke1 Nxa5 42. e3 f3 43. Bf1 Nc6 44. h4 Nb4 45. Rc1 Nd3+ 46. Bxd3 Rxd3
47. Rb1 a5 48. Kf1 Kf5 49. Kg1 Kg4 50. Rb2 Kh3 51. Rb1 Kxh4 52. Kh2 Rd2 53. Kg1
Kg4 54. Rf1 h4 55. Kh2 Rb2 56. Rg1+ Kf5 57. Rf1 Rxb3 58. Kh3 Rc3 59. Kxh4 Rxc4
60. Kg3 a4 0-1

[Event "V4 OPEN - International Championship of Slovakia 2
[Site "Banska Stiavnica"]
[Date "2013.07.06"]
[Round "1"]
[Board "52"]
[White "Nemergut, Patrik"]
[Black "Vrtiakova, Anna"]
[Result "1-0"]
[WhiteElo "1976"]
[BlackElo "1805"]
[PlyCount "129"]
[EventDate "2013.07.06"]
[EventRounds "9"]
[EventCountry "SVK"]

1. e4 c5 2. d4 cxd4 3. c3 d3 4. Nf3 Nc6 5. Bxd3 d6 6. O-O Nf6 7. Qe2 e6 8. Rd1
Qc7 9. Na3 a6 10. h3 Be7 11. Be3 b5 12. Rac1 O-O 13. Nc2 Bb7 14. Ncd4 Rac8 15.
Bb1 Rfd8 16. g4 Bf8 17. Bg5 Qe7 18. Qd3 g6 19. Nxc6 Bxc6 20. Nd4 Bb7 21. f3 Bg7
22. Qe3 e5 23. Nc2 Qe6 24. Qb6 Qd7 25. Nb4 Qc7 26. Qxc7 Rxc7 27. Bc2 h6 28. Be3
Rcd7 29. a4 d5 30. axb5 axb5 31. Bb6 Rb8 32. Be3 Bf8 33. Nxd5 Nxd5 34. exd5
Rxd5 35. Kg2 Rxd1 36. Rxd1 Bc6 37. Be4 Bxe4 38. fxe4 Kg7 39. Rd5 Kf6 40. Kf2 b4
41. c4 Rc8 42. b3 Ra8 43. Ke2 Ra3 44. Rd3 h5 45. gxh5 gxh5 46. c5 Ra6 47. Rd5
Rc6 48. Kd3 Ke6 49. Kc4 Be7 50. Kxb4 f5 51. Kc4 fxe4 52. b4 Ra6 53. Bd2 Ra2 54.
Bc3 Rc2 55. Rxe5+ Kd7 56. Rxe4 Bf6 57. Re3 Bxc3 58. Rxc3 Rf2 59. Rd3+ Kc7 60.
Kb5 Rf4 61. Rg3 h4 62. Rg7+ Kb8 63. Ka5 Rf3 64. Kb6 Kc8 65. c6 1-0

[Event "V4 OPEN - International Championship of Slovakia 2
[Site "Banska Stiavnica"]
[Date "2013.07.06"]
[Round "1"]
[Board "53"]
[White "Diviak, Rudolf"]
[Black "Lovas, Miklos"]
[Result "1/2-1/2"]
[WhiteElo "1799"]
[BlackElo "1975"]
[PlyCount "55"]
[EventDate "2013.07.06"]
[EventRounds "9"]
[EventCountry "SVK"]

1. e4 d5 2. exd5 Qxd5 3. Nf3 Nf6 4. Bd3 Bg4 5. Nc3 Qa5 6. Ne4 Nbd7 7. h3 Bxf3
8. Qxf3 c6 9. Nxf6+ Nxf6 10. O-O e6 11. c3 Bd6 12. Re1 O-O 13. Bc2 Rfe8 14. d4
e5 15. dxe5 Bxe5 16. Bf4 Qc7 17. Bg5 Nd7 18. Rad1 Nf8 19. Re3 h6 20. Bh4 Bf4
21. Red3 Ng6 22. Bg3 Bxg3 23. Qxg3 Qxg3 24. fxg3 Ne5 25. Rd4 Kf8 26. Bb3 f6 27.
Kf2 Ke7 28. R1d2 1/2-1/2

[Event "V4 OPEN - International Championship of Slovakia 2
[Site "Banska Stiavnica"]
[Date "2013.07.06"]
[Round "1"]
[Board "54"]
[White "Gombar, Peter"]
[Black "Feldvabl, Vilem"]
[Result "1-0"]
[WhiteElo "1964"]
[BlackElo "1794"]
[PlyCount "83"]
[EventDate "2013.07.06"]
[EventRounds "9"]
[EventCountry "SVK"]

1. e4 e5 2. Nf3 Nf6 3. Nc3 Nc6 4. Bb5 Bb4 5. O-O d6 6. Nd5 Bc5 7. b4 Bb6 8.
Nxb6 axb6 9. d4 exd4 10. Nxd4 Bd7 11. c3 O-O 12. Bd3 Ne5 13. Bc2 h6 14. h3 Qe7
15. f4 Ng6 16. Qd3 c5 17. Nf5 Bxf5 18. exf5 Nh8 19. c4 Rfe8 20. Bd2 Qe2 21.
Rfe1 Qxd3 22. Rxe8+ Nxe8 23. Bxd3 f6 24. Be4 Ra7 25. a4 Nc7 26. a5 bxa5 27.
Rxa5 Ra8 28. Rxa8+ Nxa8 29. Bxb7 Nb6 30. b5 Kf8 31. Ba5 Nxc4 32. Bc7 Ke7 33.
Bc8 d5 34. b6 Na5 35. b7 Nxb7 36. Bxb7 Kd7 37. Bb8 d4 38. Bd5 g6 39. g4 gxf5
40. gxf5 Ke7 41. Kf2 Nf7 42. Bxf7 1-0

[Event "V4 OPEN - International Championship of Slovakia 2
[Site "Banska Stiavnica"]
[Date "2013.07.06"]
[Round "1"]
[Board "56"]
[White "Kumala, Aleksander"]
[Black "Hipszki, Julius"]
[Result "1-0"]
[WhiteElo "1954"]
[BlackElo "1776"]
[PlyCount "43"]
[EventDate "2013.07.06"]
[EventRounds "9"]
[EventCountry "SVK"]

1. e4 e5 2. Nf3 Nc6 3. d4 exd4 4. Bc4 d6 5. Nxd4 Nxd4 6. Qxd4 Qf6 7. Qd3 Ne7 8.
Nc3 a6 9. O-O Be6 10. Be3 Nc6 11. f4 g6 12. Nd5 Qd8 13. Qc3 f6 14. Nxf6+ Kf7
15. Bxe6+ Kxe6 16. f5+ gxf5 17. exf5+ Kf7 18. Nd5 Rg8 19. Rae1 Rc8 20. Nf4 d5
21. Ne6 Qf6 22. Qb3 1-0

[Event "V4 OPEN - International Championship of Slovakia 2
[Site "Banska Stiavnica"]
[Date "2013.07.06"]
[Round "1"]
[Board "57"]
[White "Paulicka, Ivan"]
[Black "Petras, Marian"]
[Result "0-1"]
[WhiteElo "1775"]
[BlackElo "1954"]
[PlyCount "42"]
[EventDate "2013.07.06"]
[EventRounds "9"]
[EventCountry "SVK"]

1. e4 c5 2. Nf3 Nc6 3. d4 cxd4 4. Nxd4 Nf6 5. Nc3 g6 6. Bc4 Bg7 7. Bg5 Qa5 8.
Bxf6 Bxf6 9. Nde2 O-O 10. O-O d6 11. a3 Bg4 12. Nd5 Bxb2 13. Rb1 Qxa3 14. Nc7
Rac8 15. Nb5 Qc5 16. Bxf7+ Rxf7 17. Rxb2 Rcf8 18. Nbc3 Rxf2 19. Rxf2 Qxf2+ 20.
Kh1 Nd4 21. Qxd4 Qxd4 0-1

[Event "V4 OPEN - International Championship of Slovakia 2
[Site "Banska Stiavnica"]
[Date "2013.07.06"]
[Round "1"]
[Board "58"]
[White "Sepesi, Samuel"]
[Black "Vitek, Matej"]
[Result "1-0"]
[WhiteElo "1954"]
[BlackElo "1771"]
[PlyCount "67"]
[EventDate "2013.07.06"]
[EventRounds "9"]
[EventCountry "SVK"]

1. e4 e6 2. d4 d5 3. Nd2 Nf6 4. e5 Nfd7 5. Bd3 c5 6. c3 Nc6 7. Ne2 cxd4 8. cxd4
Qb6 9. Nf3 Bb4+ 10. Bd2 O-O 11. O-O f6 12. exf6 Nxf6 13. Rc1 Bd6 14. Qc2 h6 15.
Bf4 Bxf4 16. Nxf4 Nb4 17. Qb1 Nxd3 18. Nxd3 Qd6 19. Nde5 Ne4 20. Qd3 Bd7 21.
Ng6 Rf6 22. Nfe5 a6 23. Nxd7 Qxd7 24. Ne5 Qd6 25. Rc2 Ng5 26. Rfc1 Nf7 27. Rc8+
Rxc8 28. Rxc8+ Nd8 29. Qc3 Rf8 30. Ng6 Re8 31. Ne5 Rf8 32. Rc7 Re8 33. Rd7 Qb6
34. Qg3 1-0

[Event "V4 OPEN - International Championship of Slovakia 2
[Site "Banska Stiavnica"]
[Date "2013.07.06"]
[Round "1"]
[Board "59"]
[White "Volcko, Richard"]
[Black "Istok, Vojtech"]
[Result "0-1"]
[WhiteElo "1766"]
[BlackElo "1952"]
[PlyCount "52"]
[EventDate "2013.07.06"]
[EventRounds "9"]
[EventCountry "SVK"]

1. e4 c6 2. d4 d5 3. exd5 cxd5 4. c4 Nf6 5. Nc3 Nc6 6. Nf3 Bg4 7. cxd5 Nxd5 8.
Bc4 e6 9. Nxd5 exd5 10. Be2 Qb6 11. O-O Be7 12. Rb1 O-O 13. Be3 Bf6 14. Qd2
Rfd8 15. Rfd1 Rac8 16. h3 Bf5 17. Bd3 Be4 18. Bxe4 dxe4 19. d5 Qb5 20. Ng5 Bxg5
21. Bxg5 f6 22. Bf4 Nb4 23. d6 Rc2 24. Qd4 f5 25. d7 Nd3 26. Qxa7 Nxf4 0-1

[Event "V4 OPEN - International Championship of Slovakia 2
[Site "Banska Stiavnica"]
[Date "2013.07.06"]
[Round "1"]
[Board "60"]
[White "Topolovsky, Vincent"]
[Black "Bango, Lukas"]
[Result "0-1"]
[WhiteElo "1952"]
[BlackElo "1757"]
[PlyCount "182"]
[EventDate "2013.07.06"]
[EventRounds "9"]
[EventCountry "SVK"]

1. c4 Nf6 2. Nf3 g6 3. Nc3 Bg7 4. d4 O-O 5. g3 d6 6. Bg2 Nbd7 7. O-O a5 8. Re1
e5 9. e4 c6 10. h3 Qc7 11. Be3 Ne8 12. Rc1 h6 13. Kh2 Kh7 14. d5 c5 15. Nd2 Qd8
16. f4 f5 17. exf5 gxf5 18. Nf3 b6 19. fxe5 dxe5 20. Nh4 Nd6 21. Qh5 Qf6 22. b3
Qf7 23. Qe2 Nf6 24. Rf1 Qe8 25. Bd2 Bd7 26. a4 Kg8 27. Rce1 Rd8 28. Qd1 Nfe4
29. Nxe4 fxe4 30. Qe2 Nf5 31. Qxe4 Nxh4 32. Qxh4 Bf5 33. Be4 Bxe4 34. Qxe4 Rxf1
35. Rxf1 Qh5 36. Kg2 Rd6 37. Qf3 Qg6 38. Qf5 Qe8 39. Qe4 Qh5 40. g4 Qe8 41. Rf5
Qg6 42. Kf3 Qe8 43. Be1 Qe7 44. Bg3 Rd8 45. h4 Re8 46. g5 hxg5 47. Rxg5 Qf6+
48. Rf5 Qh6 49. Rg5 Qf6+ 50. Kg4 Qf1 51. Bxe5 Qd1+ 52. Kf5 Qf1+ 53. Kg4 Qd1+
54. Kg3 Qg1+ 55. Kh3 Qf1+ 56. Kh2 Qf2+ 57. Rg2 Rxe5 58. Qg4 Qf7 59. d6 Re8 60.
h5 Qf6 61. d7 Rd8 62. Re2 Qd6+ 63. Kg2 Qxd7 64. Qg5 Qc6+ 65. Kh2 Rf8 66. Rg2
Qd6+ 67. Kg1 Qd4+ 68. Kh2 Qf4+ 69. Qxf4 Rxf4 70. Kg3 Rf6 71. Kg4 Kh7 72. Rd2
Re6 73. Rd3 Re4+ 74. Kg5 Bd4 75. Rd1 Re5+ 76. Kg4 Kh6 77. Rh1 Rg5+ 78. Kf4 Rxh5
79. Re1 Rg5 80. Re6+ Rg6 81. Re7 Rf6+ 82. Ke4 Kg6 83. Rb7 Rd6 84. Kf4 Kf6 85.
Ke4 Ke6 86. Kf4 Bf6 87. Ke4 Bd8 88. Rh7 Rd4+ 89. Ke3 Bg5+ 90. Ke2 Rd2+ 91. Ke1
Rd3 0-1

[Event "V4 OPEN - International Championship of Slovakia 2
[Site "Banska Stiavnica"]
[Date "2013.07.06"]
[Round "1"]
[Board "61"]
[White "Gallik, Dalibor"]
[Black "Stanko, Ivan"]
[Result "1-0"]
[WhiteElo "1755"]
[BlackElo "1949"]
[PlyCount "103"]
[EventDate "2013.07.06"]
[EventRounds "9"]
[EventCountry "SVK"]

1. e4 c6 2. d4 d5 3. exd5 cxd5 4. Nf3 Nc6 5. c3 e6 6. Bd3 Nf6 7. Bf4 Bd6 8.
Bxd6 Qxd6 9. O-O O-O 10. Re1 a6 11. Nbd2 Bd7 12. Ne5 b5 13. a3 Ne7 14. g4 Ng6
15. g5 Ne4 16. Bxe4 dxe4 17. Nxe4 Qd5 18. Nxg6 fxg6 19. Qe2 Bc6 20. f3 Rf7 21.
h4 Raf8 22. Nd2 Re8 23. Qe5 Qd7 24. Re3 Rf5 25. Qg3 Bd5 26. Rae1 Qf7 27. Re5
Rf8 28. R1e3 Qb7 29. Rxf5 Rxf5 30. Qd6 h6 31. Ne4 h5 32. Nc5 Qf7 33. Nxe6 Bxf3
34. Nd8 Qa2 35. Qe6+ Qxe6 36. Rxe6 Rf4 37. Re8+ Kh7 38. Ne6 Rg4+ 39. Kf2 Bc6
40. Rc8 Rg2+ 41. Kf1 Bd5 42. Nf4 Bb7 43. Nxg2 Bxc8 44. Nf4 Bf5 45. Nd5 Bd3+ 46.
Kf2 Kg8 47. Ke3 Bc4 48. Ke4 Kf7 49. Ke5 a5 50. Kd6 a4 51. Nc7 Be2 52. Kc5 1-0

[Event "V4 OPEN - International Championship of Slovakia 2
[Site "Banska Stiavnica"]
[Date "2013.07.06"]
[Round "1"]
[Board "62"]
[White "Oszczanowski, Witold"]
[Black "Surka, Marian"]
[Result "1-0"]
[WhiteElo "1936"]
[BlackElo "1746"]
[PlyCount "95"]
[EventDate "2013.07.06"]
[EventRounds "9"]
[EventCountry "SVK"]

1. e4 b6 2. d4 Bb7 3. Bd3 e6 4. Nf3 h6 5. O-O d6 6. c4 Nd7 7. Nc3 g5 8. Qe2 Bg7
9. Be3 Qe7 10. Rac1 a6 11. Rfd1 Ngf6 12. b4 e5 13. Nd5 Nxd5 14. cxd5 g4 15. Ne1
exd4 16. Rxc7 dxe3 17. Rxb7 exf2+ 18. Qxf2 b5 19. Rc1 Qf6 20. Qxf6 Nxf6 21. Rc6
O-O 22. Rxd6 Rfd8 23. Rxd8+ Rxd8 24. Nc2 Re8 25. Ra7 Nxe4 26. Rxa6 Nc3 27. d6 {
necitatelne} Rd8 28. Bf5 Kf8 29. d7 Ke7 30. Bxg4 Nd5 31. Ra5 Nf6 32. Nd4 Nxg4
33. Nc6+ Kxd7 34. Nxd8 Kxd8 35. Rxb5 Kc7 36. g3 Kc6 37. a4 Bd4+ 38. Kg2 Ne3+
39. Kf3 Nc2 40. Ke4 Bg1 41. h3 Na3 42. Rh5 Bh2 43. Rxh6+ Kc7 44. Kf3 Bg1 45.
Rf6 Nc2 46. Rxf7+ Kd6 47. b5 Ne1+ 48. Ke4 1-0

[Event "V4 OPEN - International Championship of Slovakia 2
[Site "Banska Stiavnica"]
[Date "2013.07.06"]
[Round "1"]
[Board "63"]
[White "Haring, Filip"]
[Black "Jablonicky, Martin"]
[Result "1-0"]
[WhiteElo "1742"]
[BlackElo "1933"]
[PlyCount "91"]
[EventDate "2013.07.06"]
[EventRounds "9"]
[EventCountry "SVK"]

1. Nf3 f5 2. d4 Nf6 3. c4 g6 4. Nc3 Bg7 5. e3 d6 6. Bd3 O-O 7. O-O Qe8 8. Qb3
e5 9. c5+ Kh8 10. dxe5 dxe5 11. Bc4 h6 12. Qd1 a5 13. b3 Qe7 14. Bb2 Rd8 15.
Nxe5 Kh7 16. Qe2 Qxe5 17. Nd5 Qxb2 18. Qxb2 Nxd5 19. Qd2 Bxa1 20. Rxa1 Be6 21.
Re1 Nc6 22. Qe2 Nc3 23. Qb2 Bxc4 24. bxc4 Ne4 25. Qxb7 Nb4 26. Qxc7+ Kg8 27.
Qb6 Kf7 28. Qc7+ Kf6 29. Qb6+ Ke7 30. Qc7+ Kf6 31. Qb6+ Kg5 32. f4+ Kh5 33. h3
Rd2 34. Rc1 Ng3 35. Qb7 Rad8 36. Qf3+ Kh4 37. Re1 Nc2 38. Kh2 Ne4 39. Re2 Rxe2
40. Qxe2 Rd2 41. Qf1 Ng3 42. Qf3 Ne4 43. Qf1 Rf2 44. Qxf2+ Nxf2 45. c6 Ne4 46.
c5 1-0

[Event "V4 OPEN - International Championship of Slovakia 2
[Site "Banska Stiavnica"]
[Date "2013.07.06"]
[Round "1"]
[Board "64"]
[White "Mosny, Jaroslav"]
[Black "Karas, Juraj"]
[Result "1-0"]
[WhiteElo "1926"]
[BlackElo "1732"]
[PlyCount "67"]
[EventDate "2013.07.06"]
[EventRounds "9"]
[EventCountry "SVK"]

1. d4 d5 2. Nf3 Nf6 3. e3 e6 4. Bd3 c5 5. b3 Nc6 6. O-O cxd4 7. exd4 Qb6 8. Bb2
Bd7 9. Nbd2 Be7 10. a3 Na5 11. Ne5 O-O 12. Qe2 Rac8 13. f4 Bb5 14. c4 Ba6 15.
c5 Bxd3 16. Qxd3 Qc7 17. b4 Nc6 18. b5 Nxe5 19. fxe5 Nd7 20. Rac1 Nb8 21. Nf3
a6 22. a4 Qa5 23. Ra1 f6 24. Bc3 Qc7 25. Bd2 axb5 26. axb5 Nd7 27. Bf4 fxe5 28.
Nxe5 Rxf4 29. Rxf4 Nxe5 30. dxe5 Qxe5 31. Rff1 Bxc5+ 32. Kh1 Bd6 33. Qh3 Rc3
34. Ra8+ 1-0

[Event "V4 OPEN - International Championship of Slovakia 2
[Site "Banska Stiavnica"]
[Date "2013.07.06"]
[Round "1"]
[Board "65"]
[White "Holtman, Teodor"]
[Black "Rabovszky, Gyorgy"]
[Result "1-0"]
[WhiteElo "1725"]
[BlackElo "1923"]
[PlyCount "47"]
[EventDate "2013.07.06"]
[EventRounds "9"]
[EventCountry "SVK"]

1. Nf3 c5 2. b3 Nf6 3. Bb2 d5 4. e3 Bg4 5. Bb5+ Nc6 6. O-O a6 7. Bxc6+ bxc6 8.
d3 e6 9. Nbd2 Be7 10. Qe1 Qa5 11. Ne5 Bd6 12. f4 h5 13. Nxc6 Qb6 14. Ne5 Bxe5
15. fxe5 Nd7 16. h3 Bf5 17. e4 Bg6 18. exd5 c4+ 19. Kh1 cxd3 20. Nc4 Qc7 21.
Nd6+ Ke7 22. Nxf7 exd5 23. Ba3+ Nc5 24. Nxh8 1-0

[Event "V4 OPEN - International Championship of Slovakia 2
[Site "Banska Stiavnica"]
[Date "2013.07.06"]
[Round "1"]
[Board "66"]
[White "Kravec, Patrik"]
[Black "Jedrocha, Katarzyna"]
[Result "1/2-1/2"]
[WhiteElo "1916"]
[BlackElo "1676"]
[PlyCount "120"]
[EventDate "2013.07.06"]
[EventRounds "9"]
[EventCountry "SVK"]

1. Nf3 Nf6 2. c4 e6 3. Nc3 d5 4. cxd5 exd5 5. d4 Be7 6. Bg5 O-O 7. e3 b6 8. Bd3
Na6 9. O-O c5 10. Ne5 Nb4 11. Be2 Bb7 12. Qa4 Ne4 13. Bxe7 Qxe7 14. a3 Nxc3 15.
bxc3 f6 16. Nf3 Nc6 17. Bd3 Rac8 18. Rab1 Na5 19. Rfc1 Bc6 20. Bb5 Bxb5 21.
Qxb5 Nc4 22. Ra1 Rc7 23. a4 Rfc8 24. Rd1 Qf7 25. h3 cxd4 26. cxd4 Nd6 27. Qf1
Rc2 28. Rdc1 Qc7 29. Rxc2 Qxc2 30. Ne1 Qc3 31. Nd3 Qb3 32. Nf4 Rc2 33. Rc1 Qxa4
34. Rxc2 Qxc2 35. Nxd5 Qc4 36. Qxc4 Nxc4 37. Kf1 Kf7 38. Ke2 Ke6 39. Nf4+ Ke7
40. e4 a5 41. Nd3 b5 42. f4 b4 43. Nc5 Nb6 44. Kd3 a4 45. e5 b3 46. Kc3 Nd5+
47. Kb2 Nxf4 48. exf6+ gxf6 49. Nxa4 Nxg2 50. Kxb3 Kd6 51. Kc4 f5 52. Nc3 Nf4
53. h4 h5 54. d5 Ng6 55. Kd4 Nxh4 56. Nb5+ Ke7 57. Ke5 Kd7 58. Nd4 Ke7 59.
Nxf5+ Nxf5 60. Kxf5 Kd6 1/2-1/2

[Event "V4 OPEN - International Championship of Slovakia 2
[Site "Banska Stiavnica"]
[Date "2013.07.06"]
[Round "1"]
[Board "67"]
[White "Pipiska, Adam"]
[Black "Urbanic, Martin"]
[Result "1-0"]
[WhiteElo "1676"]
[BlackElo "1912"]
[PlyCount "89"]
[EventDate "2013.07.06"]
[EventRounds "9"]
[EventCountry "SVK"]

1. e4 e5 2. Nf3 Nc6 3. Bb5 f5 4. d3 d6 5. Nc3 Nf6 6. Nd5 Be7 7. c3 Be6 8. Ng5
Bg8 9. Nxe7 Qxe7 10. exf5 h6 11. Bxc6+ bxc6 12. Qa4 Kd7 13. Nf3 Bh7 14. O-O
Bxf5 15. d4 e4 16. d5 Ke8 17. Qxc6+ Kf7 18. Nd4 g6 19. Nxf5 gxf5 20. Bxh6 Rag8
21. Bf4 Rg4 22. Bg3 Nh5 23. f3 exf3 24. Rae1 Re4 25. Rxe4 fxe4 26. gxf3 e3 27.
Re1 Rg8 28. Kg2 e2 29. Qc4 Re8 30. Qh4 Nf6 31. Qf4 Rg8 32. Kf2 Qd7 33. Rxe2 Qb5
34. Bh4 Rg2+ 35. Kxg2 Qxe2+ 36. Bf2 Qxb2 37. Kg3 Kg6 38. Qe3 Qxa2 39. Qe6 a5
40. Bd4 Qxd5 41. Qxf6+ Kh5 42. Be3 Qg8+ 43. Kh3 Qc8+ 44. Kg2 Qg8+ 45. Kh1 1-0

[Event "V4 OPEN - International Championship of Slovakia 2
[Site "Banska Stiavnica"]
[Date "2013.07.06"]
[Round "1"]
[Board "68"]
[White "Kral, Klaudia"]
[Black "Hudec, Timotej"]
[Result "1-0"]
[WhiteElo "1911"]
[BlackElo "1644"]
[PlyCount "55"]
[EventDate "2013.07.06"]
[EventRounds "9"]
[EventCountry "SVK"]

1. e4 e5 2. Nf3 Nc6 3. Bb5 a6 4. Ba4 Nf6 5. O-O Be7 6. Re1 b5 7. Bb3 d6 8. c3
Na5 9. Bc2 c5 10. d4 cxd4 11. cxd4 Qc7 12. Nc3 Bg4 13. Be3 O-O 14. Rc1 Rac8 15.
Bb1 Qb8 16. Qe2 Rc6 17. dxe5 dxe5 18. Bd2 b4 19. Nd5 Nxd5 20. exd5 Rxc1 21.
Rxc1 Bxf3 22. Qxf3 Nb7 23. Qd3 g6 24. Qxa6 Rd8 25. Qb5 f5 26. Bxb4 Bxb4 27.
Qxb4 Rxd5 28. Qb3 1-0

[Event "V4 OPEN - International Championship of Slovakia 2
[Site "Banska Stiavnica"]
[Date "2013.07.06"]
[Round "1"]
[Board "70"]
[White "Kula, Dominik"]
[Black "Sedlacek, Richard"]
[Result "1-0"]
[WhiteElo "1906"]
[BlackElo "1628"]
[PlyCount "53"]
[EventDate "2013.07.06"]
[EventRounds "9"]
[EventCountry "SVK"]

1. e4 e5 2. Nf3 d6 3. d4 f6 4. Bc4 Bg4 5. Nc3 Nc6 6. dxe5 Nxe5 7. Nxe5 fxe5 8.
Qxg4 Nf6 9. Qe2 Qd7 10. Be3 c6 11. f3 a6 12. Na4 Rb8 13. Nb6 Qe7 14. O-O-O Nd7
15. Nxd7 Qxd7 16. f4 Qe7 17. fxe5 Qxe5 18. Rhf1 Be7 19. Bf7+ Kd7 20. Bf4 Qa5
21. Qg4+ Kc7 22. Qe6 Bg5 23. Qxd6+ Kb6 24. Qc7+ Kb5 25. Bc4+ Kb4 26. a3+ Ka4
27. b3+ 1-0

[Event "V4 OPEN - International Championship of Slovakia 2
[Site "Banska Stiavnica"]
[Date "2013.07.06"]
[Round "1"]
[Board "71"]
[White "Sosovicka, Jakub"]
[Black "Medvec, Miroslav"]
[Result "1-0"]
[WhiteElo "1620"]
[BlackElo "1905"]
[PlyCount "57"]
[EventDate "2013.07.06"]
[EventRounds "9"]
[EventCountry "SVK"]

1. e4 g6 2. d4 Bg7 3. Nf3 d6 4. Nc3 Bg4 5. Be2 Nf6 6. Be3 c6 7. h3 Bxf3 8. Bxf3
Nbd7 9. Qd2 Qc7 10. O-O-O O-O 11. Bh6 b5 12. h4 b4 13. Ne2 a5 14. h5 a4 15.
hxg6 fxg6 16. Bxg7 Kxg7 17. Qh6+ Kg8 18. Nf4 Kf7 19. g4 b3 20. cxb3 axb3 21. a3
Rh8 22. g5 Ng8 23. Qh3 Nf8 24. Bg4 Qa5 25. Qxb3+ Ke8 26. Qb7 Ra6 27. Kb1 Rb6
28. Qc8+ Kf7 29. Ne6 1-0

[Event "V4 OPEN - International Championship of Slovakia 2
[Site "Banska Stiavnica"]
[Date "2013.07.06"]
[Round "1"]
[Board "72"]
[White "Dzikowski, Michal"]
[Black "Zicho, Tony"]
[Result "1-0"]
[WhiteElo "1904"]
[BlackElo "1618"]
[PlyCount "59"]
[EventDate "2013.07.06"]
[EventRounds "9"]
[EventCountry "SVK"]

1. b3 e5 2. Bb2 Nc6 3. e3 Nf6 4. c4 d6 5. Be2 Bf5 6. Nc3 Qd7 7. d3 Be7 8. Nd5
O-O 9. e4 Bg6 10. Nxe7+ Qxe7 11. h4 h5 12. a3 Qd7 13. f3 Qe6 14. Nh3 Rae8 15.
f4 exf4 16. Nxf4 Qe7 17. Nxh5 Nxh5 18. Bxh5 Bxe4 19. dxe4 Qxe4+ 20. Kf1 Ne5 21.
Bxe5 Rxe5 22. Bf3 Qe3 23. Rh3 Rfe8 24. Qc2 b6 25. Rd1 Qf4 26. Qf2 g6 27. Bc6
Qxf2+ 28. Kxf2 Re2+ 29. Kg1 Kg7 30. Bxe8 1-0